000 01315naa a22003137a 4500
001 BR8003241
003 BR-BrBNA
005 20240918174614.0
007 ta
008 230509b bl.||||| |||| 00| 0 por d
040 _aBR-BrBNA
_bpor
_cBiblioteca Nacional de Agricultura
041 _a(Pt)
072 _aL73; L70
_b5200
_b4140
090 _aL73 BR8003241
100 1 _aLima, J.D.
111 1 _a2. Seminario Brasileiro de Parasitologia Veterinaria
_cFortaleza, CE (Brazil)
_d20 Oct 1980
245 1 _aEimeriose dos ruminantes [Coccidiose; Controle genetico; Profilaxia]
260 3 _aBrasilia, DF (Brasil):
_c1980.
500 _aMelo, H.J.H. de; Bianchin, I.; Ribeiro, H.S.; Beck, A.A.H. (eds.) Anais do 2. Seminario Brasileiro de Parasitologia Veterinaria Brasilia, DF (Brasil): 1980. p. 79-97 (BR8003241-AM)L73
650 _aDoenca animal
650 _aVeterinaria
650 _aRuminante
650 _aCoccidiose
650 _aControle genetico
650 _aProfilaxia
773 0 _tAnais do 2. Seminario Brasileiro de Parasitologia Veterinaria
_aMelo, H.J.H. de; Bianchin, I.; Ribeiro, H.S.; Beck, A.A.H. (eds.). Empresa Brasileira de Pesquisa Agropecuaria, Brasilia, DF
_wL73 BR8003241
_gBrasilia, DF (Brasil), 1980. p. 79-97
909 _a202404
_bLucia
_c55
_dLucia Elande
942 _cAM
_2AGRIS
999 _c312298
_d312298